| 000 | 004740000a22001930004500 | ||
|---|---|---|---|
| 003 | LK-CoMWRAF | ||
| 005 | 20231019140024.0 | ||
| 008 | 230817t ||||| |||| 00| 0 eng d | ||
| 020 | _a0747559295 | ||
| 040 |
_aLK-CoMWRAF _dLK-CoMWRAF _eLK-CoMWRAF |
||
| 041 | _aeng | ||
| 082 |
_a823 _bBAD |
||
| 100 | _aBadami, Anita Rau | ||
| 245 | _aThe Hero's walk | ||
| 260 |
_aLondon : _bBloomsbury, _c2002 |
||
| 300 | _a359 p. ; 22 cm. | ||
| 650 | _aEnglish Fiction | ||
| 942 | _cBK | ||
| 999 |
_c1464 _d1464 |
||